Quantitative and physiological analyses of chloride dependence of growth of halobacillus halophilus /
Сохранить в:
| Главный автор: | |
|---|---|
| Другие авторы: | |
| Формат: | Статья |
| Язык: | English |
| Предметы: | |
| Метки: |
Добавить метку
Нет меток, Требуется 1-ая метка записи!
|
| Thư viện lưu trữ: | Thư viện Trường Đại học Đà Lạt |
|---|
| LEADER | 00913nam a2200301 4500 | ||
|---|---|---|---|
| 001 | DLU090091768 | ||
| 005 | ##20091201 | ||
| 040 | # | # | |a DLU |b eng |
| 041 | # | # | |a eng |
| 044 | # | # | |a us |
| 100 | # | # | |a Roebler, Markus. |
| 245 | # | # | |a Quantitative and physiological analyses of chloride dependence of growth of halobacillus halophilus / |c Markus Roebler, Volker Muller. |
| 653 | # | # | |a Bacteria |
| 653 | # | # | |a Isolate |
| 653 | # | # | |a Membrane protein |
| 653 | # | # | |a Physiology |
| 653 | # | # | |a Salt marsh |
| 700 | # | # | |a Muller, Volker. |
| 773 | # | # | |t Applied and Environmental Microbiology |g Vol. 64, no. 10 (October 1998), p. 3813-3817 |
| 920 | # | # | |a Phòng Tạp chí -- Trung tâm Thông tin - Thư viện Trường Đại học Đà Lạt |
| 994 | # | # | |a DLU |
| 900 | # | # | |a True |
| 911 | # | # | |a Trương Bảo Trâm Anh |
| 925 | # | # | |a G |
| 926 | # | # | |a A |
| 927 | # | # | |a BB |
| 980 | # | # | |a Thư viện Trường Đại học Đà Lạt |